000 00310nam a2200133Ia 4500
008 230817s2003 xx 000 0 und d
041 _aeng
082 _a3411/TIW
100 _aTiwari DK
245 _aIndian Cases Reports
260 _anone
_bLaw Vision Pub
_c2003
300 _a1007p
650 _aGENRAL LAW
999 _c845422
_d845422